| 000 | 00732nam a2200229 a 4500 | ||
|---|---|---|---|
| 008 | |||
| 020 | _a0961864427 | ||
| 049 | _aMAIN | ||
| 090 | _aREF HB61 | ||
| 100 | 1 | _aSeplaki, Les. | |
| 245 | 1 | 0 |
_aConcise dictionary and handbook of economics, finance and statistics for healthcare / _cLes Seplaki. |
| 260 |
_aNew York : _bProfessional Horizons Press, _c1991. |
||
| 300 |
_a267p. ; _c28 cm. |
||
| 500 | _aIncludes appendices. | ||
| 650 | 2 |
_aHealth Services _xeconomics _vDictionaries. |
|
| 650 | 2 |
_aHealth Services _xstatistics & numerical data. |
|
| 907 |
_a.b10028614 _b15-01-07 _c17-04-03 |
||
| 003 | |||
| 005 | 20230123133306.0 | ||
| 040 | _cNUST | ||
| 942 |
_cBOOKS _kREF HB61 |
||
| 999 |
_c146076 _d146076 |
||